| 000 | 00616nam a22001817a 4500 | ||
|---|---|---|---|
| 020 | _qHard Cover. | ||
| 082 | _a004 | ||
| 100 | _aAziz, Umair ; Nygannad, Adil Usman ; Shafi, Saleh ; Mehmoob, Saba and Ayub, Zahra | ||
| 245 |
_aSTOCK MARKET / _cUmair Aziz. |
||
| 260 |
_aIslamabad: _bSEECS - NUST, _c2008. |
||
| 300 |
_a59 p. _bill. ; _c30cm. |
||
| 563 | _aHBK. | ||
| 650 |
_aInformation and Communication Engineering Project Report. _934493 |
||
| 700 | _aAslam Bazmi | ||
| 856 | _uhttp://10.250.8.41:8080/xmlui/handle/123456789/28856 | ||
| 942 |
_2ddc _cPR |
||
| 999 |
_c540457 _d540457 |
||